| 000 | 00606nam a2200217Ia 4500 | ||
|---|---|---|---|
| 008 | 160803s9999 xx 000 0 und d | ||
| 020 | _a0 439098173 | ||
| 100 | _aPaterson, Katherine | ||
| 245 | 4 | _aThe king's equal / | |
| 245 | _cby Katherine Paterson ; illustrated by Curtis Woodbridge. | ||
| 260 | _aNew York : | ||
| 260 | _bScholastic Inc. | ||
| 260 | _c1992 | ||
| 300 | _a56 pages : | ||
| 300 | _billustrations ; | ||
| 300 | _c20 cm | ||
| 500 | _aOriginally published: New York : HarperTrophy, c1992. | ||
| 650 | _aFairy tales -- | ||
| 650 | _xJuvenile literature. | ||
| 700 | _a780 | ||
| 999 |
_c299604 _d299604 |
||